Mayan Mythology Characters - Statistics

General Stats
  • This quiz has been taken 22 times
  • The average score is 5 of 20
Answer Stats
Hint Answer % Correct
He who is known as the 'One God' Hunab Ku
70%
Rain God Chaac
50%
Mayan death god, whose name literally means 'Puke Face'. He is the ruler of Xibalba Ah Puch
45%
The second son of bird deity, associated with earthquakes Cabrakan
30%
The Mayan Batman, a deity of bats Camazotz
30%
The first of the great Hero Twins, who killed both the above Hunahpu
30%
The father to the Hero Twins, who died at the hands of the Lords of Xibalba along with his twin brother (Very similar to the elder Hero twin's name) Hun Hunahpu
30%
The uncle to the Hero Twins (Also very similar to the elder Hero twin's name) Vucub Hunahpu
30%
The second of the great Hero Twins Xbalanque
25%
Lord of the sky, winds and fire Hurakan
20%
Creator God Itzamna
20%
The Goddess of the moon, medicine and fertility Ixchel
20%
Death goddess, mostly residing over suicidal stuff Ixtab
20%
The Sun God Kinich Ahau
20%
The Feathered Serpent Kukulkaan
15%
The above's elderly counterpart Chac Chel
10%
The popular Goddess who presides over the Cacao tree, making her the goddess of chocolates Ixkakaw
10%
The mother of the Hero Twins Ixquic
5%
The giant bird deity who thought he was the Sun. His original name was Vucub Caquix, but he was more known by this name Seven Macau
5%
The first son of bird deity, also commonly referred to as 'Alligator' Zipacna
5%
No matching quizzes found
Score Distribution
Percent of People with Each Score
Percentile by Number Answered
Your Score History
You have not taken this quiz